Multimedia tools and applications

Bibliographic Details
Format: Electronic Journal
Language:English
Published: Norwell, MA : Kluwer Academic Publishers
Subjects:
Online Access:Full text available from Research Library: 01/01/1997 to 1 year ago

MARC

LEADER 00000nas a2200000 a 4500
001 ssj0016524
003 WaSeSS
005 20200512172242.0
006 m d
007 cr n
008 020404c19959999ne sr pss 0 a0eng c
010 |a  2002235325 
016 7 |a 019675844  |2 Uk 
022 |a 1573-7721  |l 1380-7501  |y 1380-7501 
035 |a (WaSeSS)ssj0016524 
040 |a HUL  |b eng  |c HUL  |d OCLCQ  |d MYG  |d UAT  |d GUA  |d U9S  |d OCLCQ  |d OCLCO  |d OCLCF  |d OCLCO  |d OCLCQ  |d TKN  |d VT2  |d NJT  |d OCLCQ  |d DLC  |d UKMGB  |d WaSeSS 
042 |a pcc 
050 0 0 |a QA76.575 
130 0 |a Multimedia tools and applications (Online) 
245 1 0 |a Multimedia tools and applications  |h [electronic resource]. 
260 |a Norwell, MA :  |b Kluwer Academic Publishers 
310 |a Semimonthly,  |b 2015- 
321 |a 9 no. a year,  |b 2000-2014 
321 |a Six no. a year,  |b 1997-1999 
362 1 |a Print began with vol. 1, no. 1 (Mar. 1995). 
500 |a Published: [Dordrecht] : Springer Netherlands, <2006-> 
506 |a License restrictions may limit access. 
515 |a Some issues published in combined form. 
538 |a Mode of access: World Wide Web. 
588 |a Description based on: Vol. 4, no. 1 (Jan. 1997); title from journal home page (viewed Apr. 4, 2002). 
588 |a Latest issue consulted: Vol. 78, no. 20 (Oct. 2019) (SpringerLink, viewed Sept. 23, 2019). 
650 0 |a Multimedia systems  |v Periodicals. 
650 6 |a Multimédia  |x Périodiques. 
650 6 |a Systèmes, Conception de  |x Périodiques. 
650 7 |a Multimedia systems.  |2 fast  |0 (OCoLC)fst01028920 
655 0 |a Electronic journals. 
776 1 |t Multimedia tools and applications  |x 1380-7501  |w (DLC) 2007203775  |w (OCoLC)33188583 
850 |a DLC 
856 4 0 |z Full text available from Research Library: 01/01/1997 to 1 year ago  |u https://search.proquest.com/publication/54626